|
|
|
|
| LEADER |
00000nab a2200000 a 4500 |
| 001 |
vtls000826413 |
| 003 |
SK-MaSNL |
| 005 |
20260426071256.0 |
| 008 |
040806c2003 xo 0 slo |
| 015 |
|
|
|a SNBRB2003/03-06323
|
| 035 |
|
|
|a CLN000178068
|
| 040 |
|
|
|a SNKBUCL
|b slo
|c SNKBUCL
|e AACR2
|
| 041 |
0 |
|
|a slo
|
| 044 |
|
|
|a xo
|c SK
|
| 080 |
|
|
|a 354.83(437.6):336.57
|2 UDC-MRF-SK2
|
| 080 |
|
|
|a 631(437.6):336.57
|2 UDC-MRF-SK2
|
| 080 |
|
|
|a 338.434(437.6)
|2 UDC-MRF-SK2
|
| 080 |
|
|
|a 336.57(437.6)
|2 UDC-MRF-SK2
|
| 080 |
|
|
|a 338.246.027(437.6)
|2 UDC-MRF-SK2
|
| 100 |
1 |
|
|a Sedlák, Jozef,
|d 1954-
|4 ain
|9 248169
|
| 245 |
1 |
0 |
|a Dotácie nerozdeľujeme farmárom od buka do buka
|b hovorí minister pôdohospodárstva Zsolt Simon o podpore roľníkov
|c [zhováral sa] Jozef Sedlák
|
| 300 |
|
|
|b Fotogr.
|
| 610 |
1 |
7 |
|a Slovensko.
|b Ministerstvo pôdohospodárstva
|2 snkbucl
|9 115174
|
| 650 |
0 |
7 |
|a poľnohospodárstvo
|2 snkbucl
|9 679
|
| 650 |
0 |
7 |
|a štátne dotácie
|2 snkbucl
|9 920100
|
| 651 |
|
7 |
|a Slovensko
|2 snkbucl
|9 14231
|
| 655 |
|
7 |
|a články z novín a časopisov
|2 snkbucl
|9 267496
|
| 700 |
1 |
|
|a Simon, Zsolt,
|d 1970-
|4 aut
|4 uin
|9 103342
|
| 773 |
0 |
|
|x 1335-4051
|t Pravda
|g Roč. 13, č. 25 (31.1.2003), s. 1 a 13
|
| 850 |
|
|
|a Slovenská národná knižnica v Martine
|
| 852 |
|
|
|a SNK
|b KIS3GCP
|
| 999 |
|
|
|c 2676900
|d 2678830
|